Výběrový přehled publikační a popularizační činnosti N. Kmochové

Titel: Výběrový přehled publikační a popularizační činnosti N. Kmochové
Beteiligt: ;
In: Akademie věd České republiky: Práce z dějin Akademie Věd, Band 1, Heft 2 (2009), Seite 174-176
alle Artikel anzeigen
Veröffentlicht: 2009
Format: Aufsatz
Sprache: Tschechisch
Kein Bild verfügbar
X
alg: 39345773
001A    $01999:12-11-16 
001B    $01999:18-03-23 $t03:05:25.000 
001D    $01999:12-11-16 
001U    $0utf8 
001X    $00 
002@    $0Aox 
003@    $0393457737 
007A    $0393457737 $aHEB 
007T    $0Herdpp149562 
010@    $acze 
011@    $a2009 
021A    $aVýběrový přehled publikační a popularizační činnosti N. Kmochové 
028C    $aBoháček $BHrsg. $dJan 
028C/01 $aKábová $BHrsg. $dJana 
031A    $d1 $e2 $h174-176 $j2009 
039B    $aIn $8--Abvc--Akademie věd České republiky [Tb1]. Práce z dějin Akademie Věd. - Praha : Masarykův Ústav, 2009-. - ISSN 1803-9448 $x200900000010002826 $9221645896 
045T    $a7,41 

lok: 39345773 78

exp: 39345773 78 1 #EPN
201B/01 $026-11-17 $t03:28:47.000 
201U/01 $0utf8 
203@/01 $0789568179 
208@/01 $a12-11-16 $be 
209A/01 $a/ $f000 $x00 
220C/01 $aHerkunft: Hú Av Čr Praha 
244Z/01 $#Tschechien $#Tschechische Republik $#Tschechische Republik $#Tschechenland $#Tschechei Tschechien $#Česká Republika $#Czech Republic $#ČR $74303381-7 $8--Tg1--Tschechien $x01 $9086659812 
244Z/01 $2Trx $#Böhmen $#Bohemia $#Czechy $8--Trx--Čechy $x02 $9391188941 
244Z/01 $aKmochová Nataša 1944- $x03 
244Z/01 $2Trx $#arhivaarid $#archyvarai $#archivists $#levéltárosok $#archiwiści $#archivári $#archiváři $8--Trx--Archivare $x04 $9391373080 
244Z/01 $2Trx $#bibliograafiad isikud $#bibliografijos personalinės $#Bibliographies persons $#szakirodalmak személyek $#bibliografie osobowe $#bibliografie personálne $#bibliografie personální $#Personalbibliographie $8--Trx--Bibliographien$gPersonen $x05 $9391368532 
244Z/01 $2Trx $8--Trx--Zeitschriftenaufsatz $x06 $9391384341 
247C/01 $82080>Marburg/Lahn, Herder-Institut, Forschungsbibliothek, Bibliographieportal $9336309341
LEADER 00000caa a22000002c 4500
001 393457737
003 DE-603
005 20230318030525.0
007 tu
008 161112s2009 xx |||| | u00||u|cze c
035 |a (DE-599)HEB393457737 
040 |a DE-603  |b ger  |c DE-603  |d DE-603 
041 |a cze 
084 |a 7,41  |2 ssgn 
245 0 0 |a Výběrový přehled publikační a popularizační činnosti N. Kmochové 
264 0 |c 2009 
700 1 |a Boháček, Jan  |e Hrsg.  |4 edt 
700 1 |a Kábová, Jana  |e Hrsg.  |4 edt 
773 0 8 |i In  |a Akademie věd České republiky  |t Práce z dějin Akademie Věd  |d Praha : Masarykův Ústav, 2009-  |x 1803-9448  |g Band 1, Heft 2 (2009), Seite 174-176  |w (DE-603)221645896  |w (DE-600)2544363-X 
924 0 |9 2080  |a (DE-603)789568179  |b DE-2080  |c HES  |d d  |g /